[Event "AUTO-INT-3302"]
[Site "http://www.queenalice.com/game.php?id=1507373"]
[Date "2017.12.9"]
[Round "1"]
[White "Ricardoabreu"]
[Black "SuwarKa"]
[Result "0-1"]
[WhiteElo "1542"]
[BlackElo "1658"]

1. b3 d6 2. Bb2 c5 3. g3 Nc6 4. Bg2 e5 5. e3 Nf6 6. Nc3 Be7 7. Nd5 Nxd5 8. Bxd5
Bd7 9. Qf3 O-O 10. h4 Nb4 11. Be4 d5 12. Bxd5 Nxc2+ 13. Kd1 Nxa1 14. Bxa1 Bg4
15. Qxg4 Qxd5 16. Nf3 Bf6 17. Rg1 Rad8 18. e4 Qd3 19. Bc3 Qxc3 20. Re1 c4 21.
bxc4 Qxc4 22. Re3 Be7 23. Nxe5 Qxa2 24. Qe2 Qb1# 0-1

[Event "AUTO-INT-3302"]
[Site "http://www.queenalice.com/game.php?id=1507374"]
[Date "2017.12.9"]
[Round "1"]
[White "SuwarKa"]
[Black "Ricardoabreu"]
[Result "1-0"]
[WhiteElo "1643"]
[BlackElo "1571"]

1. e4 b6 2. c4 Bb7 3. Nc3 g6 4. d4 Bg7 5. Be3 e6 6. Qd2 Nc6 7. d5 exd5 8. cxd5
Ne5 9. Be2 Qe7 10. f4 d6 11. fxe5 Bxe5 12. Nf3 Bf6 13. O-O Be5 14. Bg5 f6 15.
Nb5 a6 16. Nxe5 dxe5 17. d6 cxd6 18. Nxd6+ Kf8 19. Bh6+ Nxh6 20. Qxh6+ Kg8 21.
Bc4+ Bd5 22. Bxd5+ 1-0

[Event "AUTO-INT-3302"]
[Site "http://www.queenalice.com/game.php?id=1507389"]
[Date "2017.12.9"]
[Round "1"]
[White "dlabedz"]
[Black "SuwarKa"]
[Result "0-1"]
[WhiteElo "1371"]
[BlackElo "1707"]

1. d4 Nf6 2. Nc3 d5 3. g3 Bf5 4. h3 Nc6 5. g4 Bg6 6. Bg2 h6 7. e3 e6 8. Na4 Nb4
9. Qe2 Qd7 10. Bd2 Nxc2+ 11. Kf1 Nxa1 12. Nc5 Bxc5 13. Qd1 Bd3+ 14. Ke1 Nc2+ 15.
Qxc2 Bxc2 16. Ne2 Be7 17. Nc3 Qc6 18. Bf3 Qb6 19. b3 O-O-O 20. Na4 Qa6 21. Be2
Bd3 22. Bxd3 Qxd3 23. Nb2 Qb1+ 24. Nd1 Ne4 25. Bb4 Bxb4+ 26. Ke2 Qc2+ 27. Kf3
Ng5+ 28. Kg2 Qe4+ 29. Kh2 Nf3+ 30. Kg3 Bd6+ 31. Kg2 Nh4+ 0-1

[Event "AUTO-INT-3302"]
[Site "http://www.queenalice.com/game.php?id=1507390"]
[Date "2017.12.9"]
[Round "1"]
[White "SuwarKa"]
[Black "dlabedz"]
[Result "1-0"]
[WhiteElo "1688"]
[BlackElo "1396"]

1. e4 g6 2. d4 Nf6 3. e5 Nd5 4. c4 Nb4 5. Bd2 N4c6 6. Nf3 d6 7. exd6 Qxd6 8. d5
Ne5 9. Nxe5 Qxe5+ 10. Be2 Qxb2 11. Bc3 Qb6 12. Bxh8 Bf5 13. Bd4 Qb4+ 14. Bc3 Qc5
15. Nd2 Nd7 16. O-O O-O-O 17. Qb3 e6 18. dxe6 fxe6 19. g4 Nf6 20. Bxf6 Rxd2 21.
Bf3 Bc2 22. Qxb7+ Kd7 23. Qb8 Be7 24. Bxe7 Kxe7 25. Qh8 Kd6 26. Qxh7 g5 27. Qg7
Qxc4 28. Qxg5 Bd3 29. Qxd2 e5 30. Rfd1 e4 31. Rac1 Qd4 32. Qf4+ Kd7 33. Rxc7+
Kd8 34. Rb7 Qd5 35. Qf8# 1-0

[Event "AUTO-INT-3302"]
[Site "http://www.queenalice.com/game.php?id=1507399"]
[Date "2017.12.9"]
[Round "1"]
[White "ignacius_01"]
[Black "SuwarKa"]
[Result "0-1"]
[WhiteElo "1662"]
[BlackElo "1671"]

1. d4 Nf6 2. c4 e6 3. e3 b6 4. Nf3 d5 5. cxd5 exd5 6. Nc3 Be7 7. Bb5+ c6 8. Ba4
b5 9. Bc2 b4 10. Na4 a5 11. O-O Nbd7 12. b3 O-O 13. Re1 Qc7 14. Qd3 Ne4 15. Nd2
f5 16. Nxe4 fxe4 17. Qd2 Nf6 18. Bd1 Ng4 19. Bxg4 Bxg4 20. a3 Bd6 21. g3 Bf3 22.
Rd1 Bxd1 23. Qxd1 Rf3 24. Nc5 Qf7 25. Ra2 Rf8 26. Qe1 Bxg3 27. hxg3 Qf5 28. Qf1
Rxg3+ 0-1

[Event "AUTO-INT-3302"]
[Site "http://www.queenalice.com/game.php?id=1507400"]
[Date "2017.12.9"]
[Round "1"]
[White "SuwarKa"]
[Black "ignacius_01"]
[Result "1-0"]
[WhiteElo "1693"]
[BlackElo "1662"]

1. e4 c5 2. c4 Nc6 3. Ne2 g6 4. d3 Bg7 5. g3 d6 6. Bg2 Bg4 7. h3 Bxe2 8. Qxe2
Nd4 9. Qd1 Qa5+ 10. Nc3 Rb8 11. Be3 a6 12. a3 b5 13. O-O Nf6 14. b4 Qc7 15. Re1
bxc4 16. dxc4 Ne6 17. Rb1 cxb4 18. Nd5 Qxc4 19. Nxb4 O-O 20. Rc1 Qb5 21. Nc6 Rb7
22. a4 Qb3 23. Nxe7+ Kh8 24. Nc8 Qxd1 25. Rexd1 Rb4 26. Nxd6 Rxa4 27. e5 Ne8 28.
Nxe8 Bxe5 29. Bh6 Bg7 30. Nxg7 Nxg7 31. Rd7 Kg8 32. Bd5 Ra5 33. Bxf7+ Rxf7 34.
Rc8+ 1-0

[Event "AUTO-ADV-3972"]
[Site "http://www.queenalice.com/game.php?id=1513657"]
[Date "2018.1.27"]
[Round "1"]
[White "SuwarKa"]
[Black "Football_rules"]
[Result "1-0"]
[WhiteElo "1710"]
[BlackElo "1556"]

1. e4 e5 2. Nf3 d6 3. d4 exd4 4. Nxd4 Nf6 5. Nc3 a6 6. Be2 h6 7. f4 d5 8. e5 Ne4
9. Nxe4 dxe4 10. Be3 Be6 11. Nxe6 fxe6 12. Bh5+ Ke7 13. Bc5+ Qd6 14. exd6+ Kd7
15. Be8+ Kxe8 16. Qh5+ Kd7 17. Qf7+ Kc6 18. Qxc7+ Kd5 19. Rd1+ Kc4 20. Rd4+ Kb5
21. a4# 1-0

[Event "AUTO-ADV-3972"]
[Site "http://www.queenalice.com/game.php?id=1513658"]
[Date "2018.1.27"]
[Round "1"]
[White "Football_rules"]
[Black "SuwarKa"]
[Result "0-1"]
[WhiteElo "1652"]
[BlackElo "1733"]

1. e4 e5 2. d3 Nf6 3. h3 d5 4. exd5 Nxd5 5. Nf3 Nc6 6. a3 Bc5 7. Bg5 f6 8. Bh4
g5 9. Bg3 Be6 10. Be2 Qd7 11. Nbd2 O-O-O 12. Ne4 Be7 13. O-O h5 14. c4 Nf4 15.
Bxf4 exf4 16. b4 g4 17. hxg4 hxg4 18. b5 Ne5 19. Nxe5 fxe5 20. a4 Rh6 21. a5
Rdh8 22. f3 Qd4+ 23. Nf2 Rh1# 0-1

[Event "AUTO-ADV-3972"]
[Site "http://www.queenalice.com/game.php?id=1513659"]
[Date "2018.1.27"]
[Round "1"]
[White "SuwarKa"]
[Black "RJGF"]
[Result "1-0"]
[WhiteElo "1800"]
[BlackElo "1852"]

1. e4 e6 2. Ne2 Bc5 3. d4 Bb6 4. Bd2 Nf6 5. e5 Ne4 6. Be3 d6 7. f3 Ng5 8. h4
Nxf3+ 9. gxf3 dxe5 10. Nbc3 exd4 11. Bxd4 Bxd4 12. Nxd4 O-O 13. Qd2 e5 14. Nb3
Nc6 15. O-O-O Qxd2+ 16. Nxd2 Bf5 17. Bg2 Rad8 18. f4 exf4 19. Rdf1 Nd4 20. Bxb7
Nxc2 21. Rxf4 g6 22. Rxf5 gxf5 23. Kxc2 Rd7 24. Rg1+ Kh8 25. Rf1 Rfd8 26. Nb3 c5
27. Nxc5 Rd2+ 28. Kc1 Rh2 29. Rxf5 Rdd2 30. Rxf7 Rc2+ 31. Kd1 Rxb2 32. Rf8+ Kg7
33. Ne6+ Kh6 34. Bf3 Kg6 35. h5+ Rxh5 36. Be4+ Rf5 37. Ne2 Rb6 38. Bxf5+ Kh6 39.
N2f4 Rxe6 40. Nxe6 a5 41. Rf7 a4 42. Rxh7# 1-0

[Event "AUTO-ADV-3972"]
[Site "http://www.queenalice.com/game.php?id=1513660"]
[Date "2018.1.27"]
[Round "1"]
[White "RJGF"]
[Black "SuwarKa"]
[Result "1-0"]
[WhiteElo "1889"]
[BlackElo "1743"]

1. e4 e5 2. Nf3 Nc6 3. Bb5 a6 4. Bxc6 dxc6 5. O-O Qf6 6. d3 Ne7 7. Bg5 Qd6 8. a3
f6 9. Be3 b6 10. Nc3 c5 11. Qe2 Nc6 12. Rad1 Be6 13. Nd2 Be7 14. f4 O-O 15. f5
Nd4 16. Bxd4 cxd4 17. fxe6 dxc3 18. bxc3 Qxa3 19. c4 a5 20. Nf3 Qd6 21. d4 Qxe6
22. d5 Qd6 23. Nh4 Qc5+ 24. Rf2 Qxc4 25. Qxc4 1-0

[Event "AUTO-ADV-3972"]
[Site "http://www.queenalice.com/game.php?id=1513661"]
[Date "2018.1.27"]
[Round "1"]
[White "SuwarKa"]
[Black "thw"]
[Result "1-0"]
[WhiteElo "1762"]
[BlackElo "2013"]

1. e4 c5 2. d4 cxd4 3. Bd3 Nc6 4. f4 e5 5. fxe5 Nxe5 6. Nf3 Nxf3+ 7. Qxf3 Bd6 8.
O-O Nf6 9. Na3 O-O 10. Nc4 Qc7 11. Nxd6 Qxd6 12. Bg5 Qe5 13. Bxf6 gxf6 14. Qxf6
Qxf6 15. Rxf6 Re8 16. Rd6 Re6 17. Rxd4 b6 18. a4 d6 19. Bc4 Rg6 20. b4 Bb7 21.
Rf1 Rf8 22. h3 Kg7 23. Rf3 f5 24. exf5 Rgf6 25. Rg3+ Kh8 26. Be6 Bc8 27. Rxd6
1-0

[Event "AUTO-ADV-3972"]
[Site "http://www.queenalice.com/game.php?id=1513662"]
[Date "2018.1.27"]
[Round "1"]
[White "thw"]
[Black "SuwarKa"]
[Result "0-1"]
[WhiteElo "1900"]
[BlackElo "1720"]

1. e4 e5 2. Nf3 Nc6 3. Bb5 a6 4. Ba4 b5 5. Bb3 Nf6 6. d3 Be7 7. a4 b4 8. c3 Bb7
9. cxb4 Bxb4+ 10. Bd2 Bc5 11. O-O O-O 12. Bg5 h6 13. Bh4 Rb8 14. Bc4 Re8 15. Nc3
Na5 16. Ba2 d6 17. Re1 c6 18. Rb1 Ba8 19. d4 exd4 20. Nxd4 Bxd4 21. Qxd4 c5 22.
Qd3 Nc6 23. Nd5 Nb4 24. Nxb4 Rxb4 25. f3 d5 26. e5 Rxh4 27. exf6 Rxa4 28. Rxe8+
Qxe8 29. fxg7 Rxa2 0-1

[Event "AUTO-INT-3302"]
[Site "http://www.queenalice.com/game.php?id=1519861"]
[Date "2018.3.16"]
[Round "2"]
[White "SuwarKa"]
[Black "Daniel1962"]
[Result "1-0"]
[WhiteElo "1818"]
[BlackElo "1850"]

1. e4 c5 2. f4 d5 3. Nc3 dxe4 4. Nxe4 e6 5. Nf3 Nc6 6. g3 f5 7. Nf2 Nf6 8. b3
Nd4 9. Bb2 Nxf3+ 10. Qxf3 Be7 11. Bc4 O-O 12. Nd3 Ne4 13. O-O-O Bf6 14. Bxf6
Qxf6 15. Ne5 a5 16. a4 Rd8 17. Rhe1 h6 18. g4 Nd6 19. Rg1 Nxc4 20. bxc4 Bd7 21.
g5 hxg5 22. Rxg5 Bxa4 23. Rdg1 Rd7 24. Rg6 Qh4 25. Nxd7 Bxd7 26. Rxg7+ Kf8 27.
Rg8+ Ke7 28. R8g7+ Kd6 29. Qd3+ Kc6 30. Qxd7+ 1-0

[Event "AUTO-INT-3302"]
[Site "http://www.queenalice.com/game.php?id=1519862"]
[Date "2018.3.16"]
[Round "2"]
[White "Daniel1962"]
[Black "SuwarKa"]
[Result "0-1"]
[WhiteElo "1855"]
[BlackElo "1835"]

1. d4 Nf6 2. f3 d5 3. Bf4 Bf5 4. Nc3 e6 5. Nb5 Na6 6. g4 Bg6 7. e3 c6 8. Nc3 Qb6
9. b3 Bb4 10. Ne2 Qa5 11. Qd2 Nc7 12. Bxc7 Qxc7 13. Bg2 h6 14. Nf4 Qa5 15. Nfe2
c5 16. O-O cxd4 17. exd4 Rc8 18. Qf4 Bxc2 19. Nd1 Bxb3 20. Nc1 Bc2 21. Ne3 Bd2
22. Nb3 Qc7 23. Qxc7 Bxe3+ 24. Kh1 Rxc7 25. Rfe1 Rc3 26. Bf1 Ke7 27. Kg2 h5 28.
Nc5 hxg4 29. Be2 Bxd4 30. Nb3 Bxb3 31. axb3 Nh5 32. Red1 Nf4+ 33. Kf1 Be3 34.
fxg4 Rxh2 35. Ke1 Rh1+ 36. Bf1 Rc2 37. Rdb1 Ng2+ 38. Kd1 Rd2+ 39. Kc1 Rxf1# 0-1

[Event "AUTO-ADV-3972"]
[Site "http://www.queenalice.com/game.php?id=1532455"]
[Date "2018.6.24"]
[Round "2"]
[White "RJGF"]
[Black "SuwarKa"]
[Result "0-1"]
[WhiteElo "1912"]
[BlackElo "1908"]

1. e4 e5 2. Nf3 d6 3. Bc4 f5 4. d3 f4 5. O-O Nc6 6. Nc3 g5 7. d4 g4 8. Ne1 h5 9.
dxe5 dxe5 10. Qxd8+ Nxd8 11. Nd5 Bd6 12. g3 c6 13. Nc3 Be6 14. Bxe6 Nxe6 15.
gxf4 exf4 16. Nd3 O-O-O 17. e5 Bb8 18. Bd2 Ne7 19. Rad1 Ng6 20. Rfe1 Rhf8 21.
Ne4 Nxe5 22. Nxe5 Bxe5 23. Nc5 Nxc5 24. Rxe5 Na4 25. Rxh5 f3 26. Ra5 Nxb2 27.
Rxa7 Nxd1 28. Bg5 Kb8 29. Ra4 Nc3 30. Bf4+ Rxf4 0-1

[Event "AUTO-ADV-3972"]
[Site "http://www.queenalice.com/game.php?id=1532456"]
[Date "2018.6.24"]
[Round "2"]
[White "SuwarKa"]
[Black "RJGF"]
[Result "1-0"]
[WhiteElo "1852"]
[BlackElo "1878"]

1. e4 e5 2. Nf3 Nc6 3. Bb5 a6 4. Ba4 b5 5. Bb3 Nf6 6. O-O Bc5 7. c3 O-O 8. d4
exd4 9. cxd4 Bb6 10. e5 Ne8 11. Nc3 Bb7 12. Bg5 Qc8 13. d5 Nd8 14. Be7 d6 15.
Qd3 dxe5 16. Bxf8 Kxf8 17. Qxh7 Nd6 18. Rae1 f6 19. Qh8+ Kf7 20. Rxe5 fxe5 21.
Nxe5+ Kf6 22. Qh4+ Kf5 23. Bc2+ Kxe5 24. Re1+ Ne4 25. Rxe4+ Kd6 26. Qe7# 1-0

[Event "AUTO-ADV-3972"]
[Site "http://www.queenalice.com/game.php?id=1532461"]
[Date "2018.6.24"]
[Round "2"]
[White "SuwarKa"]
[Black "Rzeznik"]
[Result "1-0"]
[WhiteElo "1869"]
[BlackElo "2103"]

1. e4 e6 2. d4 d5 3. c4 dxe4 4. Nc3 Nf6 5. f3 Bb4 6. Qa4+ Nc6 7. a3 Bxc3+ 8.
bxc3 exf3 9. Nxf3 O-O 10. Bg5 Bd7 11. Qd1 h6 12. Bh4 g5 13. Nxg5 hxg5 14. Bxg5
Kg7 15. Qf3 e5 16. Bd3 exd4 17. O-O dxc3 18. Bxf6+ Qxf6 19. Qxf6+ 1-0

[Event "AUTO-ADV-3972"]
[Site "http://www.queenalice.com/game.php?id=1532462"]
[Date "2018.6.24"]
[Round "2"]
[White "Rzeznik"]
[Black "SuwarKa"]
[Result "0-1"]
[WhiteElo "2116"]
[BlackElo "1935"]

1. d4 Nf6 2. c4 c5 3. d5 e6 4. Nc3 exd5 5. cxd5 d6 6. e4 g6 7. Nf3 Bg7 8. Be2
O-O 9. O-O Re8 10. Nd2 Na6 11. f3 Nc7 12. Qb3 b6 13. Nb5 Nfxd5 14. Bc4 Nxb5 15.
Bxd5 Nd4 16. Bxf7+ Kf8 17. Qd5 Rb8 18. Bxe8 Be6 19. Qxe6 Nxe6 20. Bc6 Nd4 21.
Bd5 Ne2+ 22. Kf2 Nxc1 23. Raxc1 Bxb2 24. Rc2 Qh4+ 25. Kg1 Bd4+ 26. Kh1 a5 27.
Nc4 Qd8 28. a4 Qd7 29. Ra2 b5 30. Nxa5 bxa4 31. Bc6 Qc7 32. Rxa4 Bc3 33. Bd5
Bxa5 34. Rfa1 Bc3 35. Rd1 Kg7 36. g3 Bf6 37. Ra6 c4 38. Be6 c3 39. Raxd6 c2 40.
Rd7+ Kh6 41. Rc1 Qc3 42. Kg2 Qb2 43. e5 Qxc1 44. exf6 Qb2 0-1

[Event "AUTO-ADV-3972"]
[Site "http://www.queenalice.com/game.php?id=1532463"]
[Date "2018.6.24"]
[Round "2"]
[White "SuwarKa"]
[Black "legorille"]
[Result "1-0"]
[WhiteElo "1894"]
[BlackElo "1833"]

1. e4 e5 2. Nf3 d6 3. d4 exd4 4. Nxd4 Nf6 5. Nc3 Bd7 6. Bc4 Nc6 7. O-O Be7 8. h3
O-O 9. Be3 Nxd4 10. Bxd4 a6 11. f4 b5 12. Bd3 c5 13. Bxf6 Bxf6 14. e5 dxe5 15.
fxe5 Bxe5 16. Bxh7+ Kxh7 17. Qh5+ Kg8 18. Qxe5 Bc6 19. Qxc5 Rc8 20. Rad1 Qh4 21.
Rd4 Qg3 22. Rg4 Qc7 23. Rxg7+ Kxg7 24. Qg5+ Kh8 25. Rf6 Be4 26. Nxe4 1-0

[Event "AUTO-ADV-3972"]
[Site "http://www.queenalice.com/game.php?id=1532464"]
[Date "2018.6.24"]
[Round "2"]
[White "legorille"]
[Black "SuwarKa"]
[Result "0-1"]
[WhiteElo "1811"]
[BlackElo "1924"]

1. e4 e5 2. Nf3 Nc6 3. Bc4 Bc5 4. O-O d6 5. a3 Bg4 6. h3 Bh5 7. Be2 Nf6 8. Nc3
O-O 9. Na4 Nxe4 10. Nxc5 Nxc5 11. b4 Ne6 12. Bb2 e4 13. Ne1 Bg6 14. c4 Nf4 15.
Nc2 d5 16. cxd5 Qxd5 17. Ne3 Qd6 18. Bc4 Ne5 19. Bb3 Rfd8 20. Bc3 c6 21. Kh1
Ned3 22. Qg4 Nd5 23. Nc4 Qe7 24. Qg3 Nxc3 25. dxc3 Qf6 26. f4 exf3 27. Rxf3 Qxc3
28. Rb1 Rd7 29. Ne5 Qxe5 30. Kh2 Qxg3+ 31. Rxg3 Nxb4 32. axb4 Bxb1 0-1